| 000 | 00524nam a22001937a 4500 | ||
|---|---|---|---|
| 003 | LC | ||
| 005 | 20160222140421.0 | ||
| 008 | 121115t xxu||||| |||| 00| 0 eng d | ||
| 020 | _a0751518093 | ||
| 050 |
_aD 769 _b.T454 1998 |
||
| 082 |
_aFIC _bT36d 1997 |
||
| 100 |
_aThomas, Craig _918246 |
||
| 245 |
_aA different war : _bgant is back _cCraig Thomas |
||
| 260 |
_aUnite Kingdom : _bLittle, Brown and Company, _c1997. |
||
| 300 |
_a474 p. ; _c18 cm. |
||
| 650 |
_aWorld war. _920371 |
||
| 942 |
_2lcc _cBK |
||
| 999 |
_c11482 _d11482 |
||